000 00540nam a2200193Ia 4500
005 20250508154311.0
008 008 250505s9999 xx 000 0 eng d
037 _aTextual
040 _aFEDL
_beng
_cFEDL
041 _aeng
_2eng
084 _a372, HUE
_qFEDL
100 _aHuey J Frances
_9765269
245 0 _aTeaching primary children
260 _aNew York, USA
_bHolt, Rinehart and Winston
_c1965
300 _axiii,528p
650 _aElementary Education
942 _cTEXL
_h372, HUE
999 _c1349454
_d1349454